[Event "Moscow-ch 55th"]
[Site "Moscow"]
[Date "1977.06.??"]
[Round "?"]
[White "Kremenietsky, Anatoly M"]
[Black "Chekhov, Valery A"]
[Result "1-0"]
[WhiteElo "2390"]
[BlackElo "2520"]
[PlyCount "81"]
[EventDate "1977.06.??"]
[EventType "tourn"]
[EventRounds "11"]
[EventCountry "URS"]
[SourceTitle "EXT 2002"]
[Source "ChessBase"]
[SourceDate "2001.11.25"]
[SourceVersion "1"]
[SourceVersionDate "2001.11.25"]
[SourceQuality "1"]

1. e4 c5 2. Nf3 Nc6 3. Bb5 g6 4. O-O Bg7 5. Re1 e5 6. Bxc6 dxc6 7. h3 Ne7 8. d3
O-O 9. Bd2 Qc7 10. Be3 Be6 11. Nbd2 f6 12. Nh2 Nc8 13. a4 Nd6 14. b3 a5 15. Nc4
Nf7 16. Bd2 Bh6 17. Bxh6 Nxh6 18. Qd2 Kg7 19. Rf1 g5 20. Qe2 Rab8 21. h4 b6 22.
hxg5 fxg5 23. Qh5 Nf7 24. Ne3 b5 25. Rfe1 c4 26. dxc4 bxc4 27. bxc4 Qe7 28.
Nhg4 Rb2 29. Red1 Kh8 30. Ra3 Rfb8 31. Nf5 Bxf5 32. exf5 Rb1 33. Rxb1 Rxb1+ 34.
Kh2 e4 35. Rh3 Qd6+ 36. g3 Kg8 37. Qxh7+ Kf8 38. f6 Qe6 39. Qg7+ Ke8 40. Rh7
Rc1 41. Qg8+ 1-0

[Event "Moscow-ch 55th"]
[Site "Moscow"]
[Date "1977.06.??"]
[Round "?"]
[White "Kremenietsky, Anatoly M"]
[Black "Razuvaev, Yuri S"]
[Result "1-0"]
[WhiteElo "2390"]
[BlackElo "2510"]
[Annotator "ChessBase II"]
[PlyCount "91"]
[EventDate "1977.06.??"]
[EventType "tourn"]
[EventRounds "11"]
[EventCountry "URS"]
[SourceTitle "EXT 2002"]
[Source "ChessBase"]
[SourceDate "2001.11.25"]
[SourceVersion "1"]
[SourceVersionDate "2001.11.25"]
[SourceQuality "1"]

1. e4 c5 2. Nf3 Nc6 3. Bb5 g6 4. O-O Bg7 5. Re1 Nf6 6. e5 (6. c3) 6... Nd5 7.
Nc3 Nc7 8. Bxc6 dxc6 9. h3 (9. Ne4 $5) 9... O-O 10. d3 Ne6 11. a3 $146 (11. Ne4
{Larsen,B-Donner,J Lugano 1970 (7) 1/2}) 11... a5 12. a4 Qc7 13. b3 f5 14. exf6
exf6 15. Bb2 f5 16. Qc1 $6 {[%csl Rc1]} Nd4 {[%csl Gd4]} 17. Nxd4 cxd4 18. Ne2
Qd6 19. Ba3 c5 $1 $15 {[%csl Ra3,Rc1]} 20. c3 dxc3 21. d4 b6 22. Nxc3 Qxd4 (
22... Bb7 $17 {[%csl Rg2]}) 23. Nb5 Qxa1 24. Qc4+ Kh8 25. Rxa1 Bxa1 26. Qe2 Kg8
(26... Bb7 {[%cal Ga8d8,Ga8e8]}) 27. Bb2 Bxb2 28. Qxb2 Bb7 29. Qe5 Rae8 30. Qc7
Bd5 {[%csl Rb3]} 31. Qxb6 Bxb3 32. Qxc5 Rc8 $36 33. Qa3 Bf7 34. Nd6 Rc6 35. Qg3
Rc5 36. h4 {[%cal Gh4h5]} Rb8 (36... Rd8 37. Nb7 Rc1+ 38. Kh2 Rd5 (38... Rdd1))
37. Qe3 Rc7 $2 38. Nxf5 $1 Rb1+ 39. Kh2 Rcc1 40. Qg5 Rd1 41. Nh6+ Kg7 42. Ng4
Rb6 43. Qxa5 Rbd6 44. Qe5+ Kf8 45. Qh8+ Ke7 46. Qxh7 1-0

[Event "Moscow-ch"]
[Site "Moscow"]
[Date "1980.??.??"]
[Round "?"]
[White "Kremenietsky, Anatoly M"]
[Black "Gorelov, Sergey G"]
[Result "1-0"]
[WhiteElo "2375"]
[BlackElo "2395"]
[PlyCount "131"]
[EventDate "1980.??.??"]
[EventType "tourn"]
[EventRounds "18"]
[EventCountry "URS"]
[SourceTitle "EXT 2002"]
[Source "ChessBase"]
[SourceDate "2001.11.25"]
[SourceVersion "1"]
[SourceVersionDate "2001.11.25"]
[SourceQuality "1"]

1. d4 Nf6 2. c4 c5 3. d5 b5 4. cxb5 a6 5. bxa6 g6 6. Nc3 Bxa6 7. Nf3 d6 8. e4
Bxf1 9. Kxf1 Bg7 10. g3 O-O 11. Kg2 Nbd7 12. Qc2 Qb6 13. Rb1 Ng4 14. h3 Nge5
15. Nxe5 Nxe5 16. b3 Qa6 17. a4 Rfc8 18. Be3 Qd3 19. Qxd3 Nxd3 20. Nb5 f5 21.
exf5 gxf5 22. Rhd1 c4 23. bxc4 Nb2 24. Re1 Nd3 25. Re2 Kf7 26. Bd4 Bf8 27. Re3
Nc5 28. Bxc5 Rxc5 29. Nd4 Rxa4 30. Nxf5 Raxc4 31. Rbe1 Rxd5 32. Nxe7 Re5 33.
Rxe5 dxe5 34. Nf5 e4 35. g4 Kf6 36. Re2 h5 37. Ne3 Rc5 38. gxh5 Rxh5 39. Nf1
Ke5 40. Ng3 Rh4 41. f3 Rh7 42. Rxe4+ Kf6 43. Rf4+ Kg7 44. h4 Kg8 45. Kh3 Ra7
46. Rd4 Kh7 47. f4 Bc5 48. Rc4 Bf2 49. Ne4 Be1 50. Rc1 Bb4 51. Kg4 Be7 52. Rc6
Kg7 53. Ng5 Ra4 54. Rc7 Kf6 55. Rd7 Ra1 56. f5 Ra4+ 57. Kh5 Ra5 58. Kg4 Ra4+
59. Kh5 Ra5 60. Nh7+ Kf7 61. Rxe7+ Kxe7 62. Kg6 Ra6+ 63. f6+ Ke8 64. h5 Ra7 65.
Ng5 Kf8 66. h6 1-0

[Event "Moscow-ch"]
[Site "Moscow"]
[Date "1981.06.??"]
[Round "6"]
[White "Bronstein, David Ionovich"]
[Black "Kremenietsky, Anatoly M"]
[Result "0-1"]
[WhiteElo "2490"]
[BlackElo "2380"]
[PlyCount "70"]
[EventDate "1981.06.02"]
[EventType "tourn"]
[EventRounds "17"]
[EventCountry "URS"]
[SourceTitle "MCL"]
[Source "ChessBase"]
[SourceDate "1999.07.01"]
[SourceVersion "1"]
[SourceVersionDate "1999.07.01"]
[SourceQuality "1"]

1. Nf3 Nf6 2. c4 g6 3. b4 Bg7 4. Bb2 O-O 5. g3 d6 6. Bg2 e5 7. O-O e4 8. Ne1 c6
9. d3 d5 10. Nc2 dxc4 11. dxc4 Qe7 12. Qc1 Re8 13. Nd2 Nbd7 14. Bc3 a5 15. a3
Nb6 16. Rb1 Na4 17. Ba1 Ng4 18. Bxg7 Kxg7 19. Rb3 f5 20. f3 exf3 21. exf3 Nf6
22. Re1 Qd8 23. Rxe8 Nxe8 24. Qe1 Nf6 25. Bf1 axb4 26. axb4 Nb6 27. Rd3 Qf8 28.
Qe3 Nbd7 29. Nb3 Qe8 30. Qd2 Ra2 31. Nc1 Rb2 32. Qc3 Qe5 33. Nd4 Rb1 34. Re3
Rxc1 35. Qd2 Rd1 0-1

[Event "Moscow-ch"]
[Site "Moscow"]
[Date "1981.06.??"]
[Round "15"]
[White "Jussupow, Artur"]
[Black "Kremenietsky, Anatoly M"]
[Result "0-1"]
[WhiteElo "2575"]
[BlackElo "2380"]
[PlyCount "106"]
[EventDate "1981.06.02"]
[EventType "tourn"]
[EventRounds "17"]
[EventCountry "URS"]
[SourceTitle "MCL"]
[Source "ChessBase"]
[SourceDate "1999.07.01"]
[SourceVersion "1"]
[SourceVersionDate "1999.07.01"]
[SourceQuality "1"]

1. d4 Nf6 2. c4 g6 3. Nc3 Bg7 4. e4 d6 5. Be2 O-O 6. Bg5 c6 7. Nf3 h6 8. Bh4
Bg4 9. O-O Nbd7 10. Qc2 e5 11. Rad1 Qa5 12. d5 cxd5 13. Nxd5 Nxd5 14. Rxd5 Qxa2
15. Be7 Rfc8 16. Rdd1 Nc5 17. Bxd6 Bxf3 18. Bxf3 Ne6 19. c5 Nxc5 20. Bxc5 b6
21. Ra1 Qe6 22. b4 bxc5 23. bxc5 Bf8 24. Ra5 Rc6 25. Rd1 Qe7 26. Qa2 Qc7 27. h4
Bxc5 28. Be2 Bd4 29. Ra6 Rb8 30. Rxc6 Qxc6 31. Bc4 Rb2 32. Bxf7+ Kg7 33. Qe6
Qxe6 34. Bxe6 Bxf2+ 35. Kh2 Bxh4 36. Rd7+ Kf6 37. Bd5 a5 38. Ra7 Be1 39. Ra6+
Kg7 40. Ra7+ Kf6 41. Ra6+ Kg5 42. Bf7 Kh4 43. Rxg6 h5 44. Rf6 Bg3+ 45. Kg1 Re2
46. Bd5 a4 47. Rf1 Kg5 48. Ra1 Re1+ 49. Rxe1 Bxe1 50. Kf1 Bh4 51. Ke2 Kf4 52.
Kd3 Be7 53. Be6 a3 0-1

[Event "Moscow-ch"]
[Site "Moscow"]
[Date "1981.06.??"]
[Round "16"]
[White "Kremenietsky, Anatoly M"]
[Black "Vaganian, Rafael A"]
[Result "1-0"]
[WhiteElo "2380"]
[BlackElo "2565"]
[PlyCount "65"]
[EventDate "1981.06.02"]
[EventType "tourn"]
[EventRounds "17"]
[EventCountry "URS"]
[SourceTitle "MCL"]
[Source "ChessBase"]
[SourceDate "1999.07.01"]
[SourceVersion "1"]
[SourceVersionDate "1999.07.01"]
[SourceQuality "1"]

1. e4 Nf6 2. e5 Nd5 3. d4 d6 4. c4 Nb6 5. f4 dxe5 6. fxe5 Bf5 7. Be3 e6 8. Nc3
Nc6 9. Nf3 Bg4 10. Qd2 Bb4 11. a3 Be7 12. b4 Bxf3 13. gxf3 Bh4+ 14. Kd1 a5 15.
b5 Ne7 16. Kc2 Nf5 17. Rd1 f6 18. Bd3 fxe5 19. dxe5 O-O 20. c5 Nxe3+ 21. Qxe3
Nd5 22. Nxd5 exd5 23. Rhg1 Kh8 24. Rg4 Qe7 25. f4 b6 26. Kb1 g5 27. fxg5 Bf2
28. Qe2 bxc5 29. g6 hxg6 30. Rxg6 Qh4 31. e6 Bd4 32. e7 Rfe8 33. Qe6 1-0

[Event "Moscow-ch"]
[Site "Moscow"]
[Date "1981.06.??"]
[Round "17"]
[White "Antoshin, Vladimir S"]
[Black "Kremenietsky, Anatoly M"]
[Result "0-1"]
[WhiteElo "2470"]
[BlackElo "2380"]
[PlyCount "126"]
[EventDate "1981.06.02"]
[EventType "tourn"]
[EventRounds "17"]
[EventCountry "URS"]
[SourceTitle "MCL"]
[Source "ChessBase"]
[SourceDate "1999.07.01"]
[SourceVersion "1"]
[SourceVersionDate "1999.07.01"]
[SourceQuality "1"]

1. d4 Nf6 2. c4 g6 3. Nc3 Bg7 4. e4 d6 5. Be2 O-O 6. Nf3 Bg4 7. Be3 e5 8. d5 c5
9. h3 Bxf3 10. Bxf3 Ne8 11. g4 a6 12. a4 Bf6 13. Qd2 Bh4 14. a5 Nd7 15. g5 f5
16. gxf6 Nexf6 17. Na4 b5 18. axb6 Nxb6 19. Nxb6 Qxb6 20. Ra3 Rf7 21. b3 Qb7
22. O-O Raf8 23. Bg2 Nh5 24. Qa5 Qe7 25. b4 cxb4 26. Qxb4 Bg5 27. Bb6 Bh4 28.
Be3 Nf4 29. Bxf4 Rxf4 30. f3 Qa7+ 31. Kh1 Be7 32. Qa4 Qd4 33. Qxa6 R8f7 34. Qa4
Kg7 35. Qc2 Bf8 36. Rd1 Qc5 37. Qc3 Rc7 38. Rc1 Qf2 39. Ra6 Rf6 40. Qa5 Rc5 41.
Qa3 Rf7 42. Ra8 Be7 43. Ra7 Qd2 44. Qa1 Qf4 45. Rc2 Qg3 46. f4 Qxf4 47. Rc1 Qg5
48. Rf1 Rxf1+ 49. Qxf1 Rc8 50. Rd7 Kg8 51. Kh2 Qh4 52. Qd3 Bg5 53. Rb7 Qe1 54.
Qf1 Bf4+ 55. Kg1 Qg3 56. Qf3 Qh2+ 57. Kf1 Rf8 58. Rb3 Bg5 59. c5 dxc5 60. d6
Rxf3+ 61. Rxf3 c4 62. d7 Bd8 63. h4 Kg7 0-1

[Event "Moscow-ch60"]
[Site "Moscow"]
[Date "1982.02.??"]
[Round "?"]
[White "Gulko, Boris F"]
[Black "Kremenietsky, Anatoly M"]
[Result "0-1"]
[WhiteElo "2565"]
[BlackElo "2385"]
[PlyCount "78"]
[EventDate "1982.02.??"]
[EventType "tourn"]
[EventRounds "17"]
[EventCountry "URS"]
[EventCategory "8"]
[SourceTitle "MCD"]
[Source "ChessBase"]
[SourceDate "1999.07.01"]
[SourceVersion "1"]
[SourceVersionDate "1999.07.01"]
[SourceQuality "1"]

1. d4 Nf6 2. c4 g6 3. Nc3 Bg7 4. e4 d6 5. f3 O-O 6. Bg5 c5 7. d5 e6 8. Qd2 exd5
9. cxd5 a6 10. a4 Re8 11. Nge2 Nbd7 12. Ng3 Qa5 13. Be2 h5 14. O-O Nh7 15. Be3
Qb4 16. Rfd1 Rb8 17. Qc2 c4 18. Rdb1 Nc5 19. Ra3 Bd7 20. a5 Nd3 21. Na2 Qb5 22.
b3 Nb4 23. Qd1 Nxd5 24. Ba7 Nf4 25. Bxc4 Qg5 26. Qf1 Ra8 27. Bb6 d5 28. exd5 h4
29. Ne4 Rxe4 30. fxe4 Bh3 31. Be3 Bd4 32. Bxd4 Bxg2 33. Kf2 Nh3+ 34. Ke1 Bxf1
35. Bxf1 Re8 36. Nc3 Qg4 37. Bxh3 Rxe4+ 38. Nxe4 Qxe4+ 39. Kf2 Qxd4+ 0-1

[Event "Moscow-ch61"]
[Site "Moscow"]
[Date "1983.01.??"]
[Round "?"]
[White "Kremenietsky, Anatoly M"]
[Black "Donchenko, Anatoly G"]
[Result "1-0"]
[WhiteElo "2395"]
[BlackElo "2360"]
[PlyCount "83"]
[EventDate "1983.01.??"]
[EventType "tourn"]
[EventRounds "17"]
[EventCountry "URS"]
[SourceTitle "EXT 2002"]
[Source "ChessBase"]
[SourceDate "2001.11.25"]
[SourceVersion "1"]
[SourceVersionDate "2001.11.25"]
[SourceQuality "1"]

1. e4 e5 2. Nf3 Nc6 3. Bb5 a6 4. Ba4 Nf6 5. O-O Be7 6. Re1 b5 7. Bb3 O-O 8. c3
d6 9. h3 Na5 10. Bc2 c5 11. d4 Qc7 12. Nbd2 cxd4 13. cxd4 Bb7 14. d5 Bc8 15. b4
Nc4 16. Nxc4 bxc4 17. Re3 Bd7 18. a4 Rab8 19. Ba3 Nh5 20. Rc3 Nf4 21. Nd2 f5
22. Rxc4 Qa7 23. Rc3 Bh4 24. Rf3 Rbc8 25. Ra2 Rxc2 26. Qxc2 Ne2+ 27. Kf1 Nd4
28. Qd1 Nxf3 29. Nxf3 Bxf2 30. Rxf2 fxe4 31. b5 Qb6 32. a5 Bxb5+ 33. Kg1 Qe3
34. Bxd6 Rc8 35. Ne1 h6 36. Nc2 Qa7 37. Qd2 Bd3 38. Ne3 Qd4 39. Kh2 Rd8 40. Bc7
Rd7 41. Bb6 Qa4 42. Qc3 1-0

[Event "URS Trud-ch"]
[Site "Chirtsik"]
[Date "1983.08.??"]
[Round "?"]
[White "Kremenietsky, Anatoly M"]
[Black "Ivanov, Spiridon"]
[Result "1-0"]
[WhiteElo "2395"]
[BlackElo "2390"]
[PlyCount "81"]
[EventDate "1983.08.??"]
[EventType "swiss"]
[EventRounds "11"]
[EventCountry "URS"]
[SourceTitle "EXT 2010"]
[Source "ChessBase"]
[SourceDate "2010.11.25"]
[SourceVersion "1"]
[SourceVersionDate "2010.11.25"]
[SourceQuality "1"]

1. Nf3 Nf6 2. g3 g6 3. Bg2 Bg7 4. O-O O-O 5. d3 d5 6. Nbd2 c5 7. e4 e6 8. Re1
Nc6 9. c3 b6 10. e5 Nd7 11. d4 f6 12. Bh3 fxe5 13. Bxe6+ Kh8 14. Bxd5 Bb7 15.
dxe5 Ndxe5 16. Be4 Qf6 17. Nxe5 Qxf2+ 18. Kh1 Bxe5 19. Bg2 Qf5 20. Nc4 Rad8 21.
Qe2 Bg7 22. Bf4 Qd3 23. Qxd3 Rxd3 24. Rad1 Rxd1 25. Rxd1 h6 26. Rd7 Rd8 27.
Rxb7 Rd1+ 28. Bf1 Rxf1+ 29. Kg2 Rb1 30. h4 g5 31. hxg5 hxg5 32. Bxg5 Ne5 33. b3
Nxc4 34. bxc4 Rb2+ 35. Kf3 Rxa2 36. Kg4 Re2 37. Rxa7 Bxc3 38. Kf5 Re5+ 39. Kg6
Re6+ 40. Kf7 Rc6 41. Ra2 1-0

[Event "Moscow-ch 62th"]
[Site "Moscow"]
[Date "1984.02.??"]
[Round "?"]
[White "Kuzmin, Alexey"]
[Black "Kremenietsky, Anatoly M"]
[Result "0-1"]
[WhiteElo "2365"]
[BlackElo "2410"]
[PlyCount "82"]
[EventDate "1984.02.??"]
[EventType "tourn"]
[EventRounds "15"]
[EventCountry "URS"]
[EventCategory "6"]
[SourceTitle "MCL"]
[Source "ChessBase"]
[SourceDate "1999.07.01"]
[SourceVersion "1"]
[SourceVersionDate "1999.07.01"]
[SourceQuality "1"]

1. e4 c5 2. Nf3 Nc6 3. d4 cxd4 4. Nxd4 Nf6 5. Nc3 d6 6. g3 Qb6 7. Nb3 Be6 8.
Be3 Qc7 9. Nd5 Bxd5 10. exd5 Ne5 11. Bg2 g6 12. O-O Bg7 13. Bd4 O-O 14. a4 Rfe8
15. Nd2 Ned7 16. a5 Nh5 17. Bxg7 Nxg7 18. c4 Ne5 19. b3 Rab8 20. Ne4 b5 21.
axb6 Qxb6 22. Ra3 Nf5 23. Qa1 Nd4 24. Qa2 a5 25. h3 Rec8 26. Rd1 f5 27. Nc3 Qb4
28. Rxd4 Qxc3 29. Rd1 Nd3 30. Bf1 Nc5 31. Rb1 Ne4 32. Rxa5 Nd2 33. Rb2 Nxf1 34.
Kxf1 f4 35. Kg2 Rf8 36. g4 f3+ 37. Kh2 Qe5+ 38. Kg1 Qe1+ 39. Kh2 Qe5+ 40. Kg1
Qe1+ 41. Kh2 Qf1 0-1

[Event "Moscow1"]
[Site "Moscow"]
[Date "1986.??.??"]
[Round "?"]
[White "Kishnev, Sergey"]
[Black "Kremenietsky, Anatoly M"]
[Result "0-1"]
[WhiteElo "2360"]
[BlackElo "2395"]
[PlyCount "70"]
[EventDate "1986.??.??"]
[EventType "tourn"]
[EventRounds "9"]
[EventCountry "URS"]
[SourceTitle "EXT 2004"]
[Source "ChessBase"]
[SourceDate "2003.11.25"]
[SourceVersion "1"]
[SourceVersionDate "2003.11.25"]
[SourceQuality "1"]

1. d4 Nf6 2. c4 e6 3. Nc3 d5 4. Bg5 Be7 5. e3 h6 6. Bxf6 Bxf6 7. Nf3 O-O 8. Rc1
c6 9. Bd3 Nd7 10. O-O dxc4 11. Bxc4 e5 12. h3 exd4 13. exd4 Nb6 14. Bb3 a5 15.
a3 Re8 16. Re1 Bf5 17. Rxe8+ Qxe8 18. Qd2 Nd7 19. Qf4 Bg6 20. h4 Qd8 21. Na4 h5
22. Re1 b5 23. Nc3 Qb8 24. Ne5 Bxe5 25. dxe5 Nc5 26. Ba2 b4 27. Qg5 Kh7 28. Ne4
Nxe4 29. Rxe4 bxa3 30. e6 f6 31. Qe3 Qxb2 32. e7 Qxa2 33. e8=Q Rxe8 34. Rxe8
Bxe8 35. Qxe8 Qa1+ 0-1

[Event "Goldberg Memorial"]
[Site "Moscow"]
[Date "1990.??.??"]
[Round "12"]
[White "Yuferov, Sergey N"]
[Black "Kremenietsky, Anatoly M"]
[Result "0-1"]
[WhiteElo "2435"]
[BlackElo "2390"]
[PlyCount "90"]
[EventDate "1990.??.??"]
[EventType "tourn"]
[EventRounds "14"]
[EventCountry "URS"]
[EventCategory "5"]
[SourceTitle "EXT 2000"]
[Source "ChessBase"]
[SourceDate "1999.11.16"]
[SourceVersion "1"]
[SourceVersionDate "1999.11.16"]
[SourceQuality "1"]

1. d4 Nf6 2. Nf3 d6 3. g3 g6 4. Bg2 Bg7 5. O-O O-O 6. Re1 c5 7. d5 e6 8. Nc3
exd5 9. Nxd5 Nxd5 10. Qxd5 Nc6 11. Bg5 Ne7 12. Qe4 Re8 13. c3 h6 14. Bf4 g5 15.
Bc1 d5 16. Qa4 Nc6 17. h4 Bf6 18. hxg5 hxg5 19. Qb5 g4 20. Nh2 Be7 21. Bf4 a6
22. Qd3 Be6 23. Red1 d4 24. Qc2 Rc8 25. e3 Bf6 26. Be4 Qd7 27. Nf1 Ne7 28. c4
Kg7 29. Rac1 Rh8 30. Qe2 Rce8 31. b4 Bf5 32. Bg2 cxb4 33. exd4 Nd5 34. Qd2 Nc3
35. Rxc3 bxc3 36. Qxc3 Be4 37. Ne3 Bf3 38. Rd3 Rh5 39. Nd5 Rxd5 40. cxd5 Bxg2
41. Kxg2 Qxd5+ 42. f3 Re2+ 43. Kf1 Qxa2 44. Bd2 gxf3 45. Qc8 Qb1+ 0-1

[Event "Moscow-ch"]
[Site "Moscow"]
[Date "1996.??.??"]
[Round "3"]
[White "Yagupov, Igor"]
[Black "Kremenietsky, Anatoly M"]
[Result "0-1"]
[WhiteElo "2435"]
[BlackElo "2385"]
[PlyCount "96"]
[EventDate "1996.08.??"]
[EventType "swiss"]
[EventRounds "11"]
[EventCountry "RUS"]
[SourceTitle "CBM 055 Extra"]
[Source "ChessBase"]
[SourceDate "1997.01.01"]
[SourceVersion "1"]
[SourceVersionDate "1997.01.01"]
[SourceQuality "1"]

1. e4 c5 2. Nf3 d6 3. d4 cxd4 4. Nxd4 Nf6 5. Nc3 Nc6 6. Bc4 Qb6 7. Nb3 e6 8.
Be3 Qc7 9. Be2 Be7 10. f4 O-O 11. Bf3 Rd8 12. Nb5 Qb8 13. c4 d5 14. cxd5 exd5
15. e5 Ne4 16. O-O f6 17. exf6 Bxf6 18. N5d4 Qd6 19. Rc1 a5 20. Nb5 Qb4 21. Nc7
d4 22. Bxe4 dxe3 23. Bd5+ Kh8 24. Nxa8 a4 25. Rc4 Qb5 26. Nc1 Rxd5 27. Qxa4
Qxb2 28. Rc2 Qd4 29. Qxd4 Bxd4 30. Ne2 Ba7 31. Re1 Rd2 32. Rc4 Bf5 33. Kf1 h5
34. Ra4 Bc5 35. Nc7 h4 36. h3 Bb4 37. Nb5 Bd3 38. Nbd4 Nxd4 39. Rxb4 Nxe2 40.
Rxb7 Nxf4+ 41. Kg1 Rxg2+ 42. Kh1 Rg3 43. Re7 e2 44. a4 Rf3 45. a5 Rf1+ 46. Kh2
Rxe1 47. a6 Ra1 48. a7 Nd5 0-1

[Event "Moscow-ch"]
[Site "Moscow"]
[Date "1996.??.??"]
[Round "10"]
[White "Kremenietsky, Anatoly M"]
[Black "Odesskij, Ilia"]
[Result "1-0"]
[WhiteElo "2385"]
[BlackElo "2445"]
[PlyCount "131"]
[EventDate "1996.08.??"]
[EventType "swiss"]
[EventRounds "11"]
[EventCountry "RUS"]
[SourceTitle "CBM 055 Extra"]
[Source "ChessBase"]
[SourceDate "1997.01.01"]
[SourceVersion "1"]
[SourceVersionDate "1997.01.01"]
[SourceQuality "1"]

1. d4 d6 2. c4 e5 3. Nf3 exd4 4. Nxd4 g6 5. g3 Bg7 6. Bg2 Ne7 7. Nc3 Nbc6 8.
Nc2 Ne5 9. Nd5 c6 10. Nxe7 Qxe7 11. b3 Bf5 12. Ne3 Nd3+ 13. exd3 Bxa1 14. O-O
Qf6 15. Nxf5 gxf5 16. Re1+ Kd7 17. Be3 Bc3 18. Rf1 Bd4 19. b4 Rae8 20. b5 Qe5
21. bxc6+ bxc6 22. Bxd4 Qxd4 23. Qf3 Qc5 24. d4 Qxc4 25. Qxf5+ Ke7 26. Re1+ Kd8
27. Qa5+ Kc8 28. Rb1 Kd7 29. d5 Ke7 30. Qd2 h6 31. dxc6 Kf8 32. Bd5 Qe2 33. Qf4
Qh5 34. Qxd6+ Kg7 35. c7 Qf5 36. Rc1 Re2 37. Qc5 Rhe8 38. Qc3+ f6 39. Bf3 R2e7
40. Bb7 Re2 41. Bf3 R2e7 42. c8=Q Rxc8 43. Qxc8 Qxf3 44. Qc3 Qd5 45. Qc2 Qf3
46. Qc3 Qd5 47. a3 Kg6 48. Qb4 Kf7 49. Qf4 Kg7 50. h4 h5 51. Rc7 Rd7 52. Kh2
Kg6 53. Rc3 Re7 54. Qc4 Re5 55. Qxd5 Rxd5 56. Rc4 Ra5 57. a4 Rf5 58. Kg2 Rd5
59. Kf3 Rd3+ 60. Ke4 Rd2 61. f3 Rg2 62. Kf4 Ra2 63. g4 Rh2 64. gxh5+ Kxh5 65.
Kf5 Rxh4 66. Rc8 1-0

[Event "Moscow-ch op"]
[Site "Moscow"]
[Date "1998.??.??"]
[Round "4"]
[White "Kremenietsky, Anatoly M"]
[Black "Riazantsev, Alexander"]
[Result "1-0"]
[WhiteElo "2410"]
[BlackElo "2290"]
[PlyCount "67"]
[EventDate "1998.??.??"]
[EventType "swiss"]
[EventRounds "9"]
[EventCountry "RUS"]
[SourceTitle "EXT 2000"]
[Source "ChessBase"]
[SourceDate "1999.11.16"]
[SourceVersion "1"]
[SourceVersionDate "1999.11.16"]
[SourceQuality "1"]

1. d4 Nf6 2. c4 g6 3. g3 Bg7 4. Bg2 O-O 5. Nc3 d6 6. Nf3 Nbd7 7. O-O e5 8. Qc2
Re8 9. Rd1 c6 10. dxe5 dxe5 11. Ng5 Qc7 12. b3 Nc5 13. Ba3 Bf8 14. b4 Ne6 15.
Nge4 Nxe4 16. Nxe4 Be7 17. e3 f5 18. Nd2 Ng5 19. c5 Be6 20. Nc4 Nf7 21. Bb2
Rad8 22. f4 Bf6 23. e4 Bh8 24. fxe5 Bxc4 25. Qxc4 Bxe5 26. Bxe5 Qxe5 27. exf5
Qxf5 28. Rxd8 Rxd8 29. Rf1 Qd7 30. Bh3 Qe7 31. Rxf7 Qe3+ 32. Rf2+ Kh8 33. Qf4
Rd1+ 34. Bf1 1-0

[Event "Tula Botvinnik Memorial"]
[Site "Tula"]
[Date "2003.??.??"]
[Round "5"]
[White "Kremenietsky, Anatoly M"]
[Black "Karasev, Vladimir I"]
[Result "1-0"]
[WhiteElo "2381"]
[BlackElo "2446"]
[PlyCount "67"]
[EventDate "2003.??.??"]
[EventType "tourn"]
[EventRounds "11"]
[EventCountry "RUS"]
[EventCategory "8"]
[SourceTitle "EXT 2005"]
[Source "ChessBase"]
[SourceDate "2004.11.15"]
[SourceVersion "1"]
[SourceVersionDate "2004.11.15"]
[SourceQuality "1"]

1. d4 g6 2. e4 Bg7 3. Nc3 d6 4. Bg5 c6 5. Qd2 b5 6. f3 b4 7. Nd1 Qb6 8. c3 Ba6
9. Bxa6 Nxa6 10. Ne2 Nf6 11. O-O O-O 12. Bh6 bxc3 13. bxc3 Rab8 14. Bxg7 Kxg7
15. Nf2 Nc7 16. f4 d5 17. e5 Ne4 18. Nxe4 dxe4 19. Ng3 c5 20. f5 cxd4 21. f6+
exf6 22. exf6+ Kh8 23. Qh6 dxc3+ 24. Kh1 Ne6 25. Nxe4 Rg8 26. Nxc3 g5 27. Nd5
Qd8 28. Ne7 Rb4 29. Qh5 Rf8 30. Nc6 Qb6 31. Nxb4 Qxb4 32. Rad1 Qc4 33. a3 Qe4
34. Rd2 1-0

[Event "Tula Botvinnik Memorial"]
[Site "Tula"]
[Date "2003.??.??"]
[Round "10"]
[White "Zaitsev, Igor A"]
[Black "Kremenietsky, Anatoly M"]
[Result "0-1"]
[WhiteElo "2423"]
[BlackElo "2381"]
[PlyCount "140"]
[EventDate "2003.??.??"]
[EventType "tourn"]
[EventRounds "11"]
[EventCountry "RUS"]
[EventCategory "8"]
[SourceTitle "EXT 2005"]
[Source "ChessBase"]
[SourceDate "2004.11.15"]
[SourceVersion "1"]
[SourceVersionDate "2004.11.15"]
[SourceQuality "1"]

1. e4 d6 2. d4 Nf6 3. Nc3 g6 4. f4 Bg7 5. Nf3 O-O 6. Bd3 Nc6 7. e5 dxe5 8. dxe5
Nd5 9. O-O Ndb4 10. Be3 Nxd3 11. cxd3 Nb4 12. a3 Nd5 13. Nxd5 Qxd5 14. Rc1 c6
15. Rc5 Qd8 16. Qb3 Qb6 17. Qc2 Be6 18. Qf2 Qd8 19. Rc3 f6 20. d4 Bd5 21. Qc2
Qd7 22. h3 Bh6 23. Nh2 Qf5 24. Ng4 Bg7 25. Qxf5 gxf5 26. Nf2 h5 27. Nd3 e6 28.
Bf2 fxe5 29. Nxe5 Kh7 30. Bh4 Rg8 31. g3 a5 32. Kf2 a4 33. Re1 Ra5 34. Re2 Rb5
35. Ke1 Bxe5 36. dxe5 Kg6 37. Rd2 Kf7 38. Bg5 Ke8 39. Rh2 Kd7 40. Rd3 b6 41.
Kd1 Rh8 42. Rhd2 Rh7 43. Ke2 Kc7 44. Kf2 c5 45. Ke1 Kc6 46. Kd1 c4 47. Rc3 Ra5
48. Re3 Raa7 49. Kc2 Rad7 50. Kc3 Ra7 51. Kc2 Kc5 52. Bh4 Be4+ 53. Kc3 Bd3 54.
Rg2 Ra5 55. g4 Rb5 56. b4+ axb3 57. g5 Rg7 58. Rb2 Ra7 59. g6 Rg7 60. Rg3 Ra5
61. Bf6 Rg8 62. g7 Kd5 63. Rg5 Rxa3 64. Rxh5 Raa8 65. Rh8 b5 66. Rxg8 Rxg8 67.
h4 b4+ 68. Kxb4 Kd4 69. Rg2 Rb8+ 70. Ka5 c3 0-1